Formato MARC21

Signatura BDML-MML-Ms-M000474
Número de control M000474
Registro MARC21
La Copa de Oro
=001 M000474
=003 BDML
=005 19032026205141
=008 190326||||||||||||||||||||||||||||||||||
=031 ##$a1$b1$c1$gG-2$mPiano$nbB$o6/8$p'8D-EG-''C/'''4.C4C8-/'C-FA-''C/4.A8A--/$2pe
=040 ##$aBDML$bspa$cBDML
=092 ##$aBDML$bBDML$cEC$dMs$0M000474
=100 1#$aHidalgo Navarro, Antonio de Jesús$d1873-1953$jCertificada
=245 10$aLa Copa de Oro$cPor Antonio de J. Hidalgo$h[música manuscrita]
=300 ##$a3 folios.
=340 ##$dManuscrito
=348 ##$aPartitura
=382 ##$apiano$bpiano
=384 0#$aFa mayor
=500 ##$aDatos tomados de portada y encabezado de música
=500 ##$aEn la esquina superior del folio 2 se lee el siguiente texto:¨Por Antonio de J. Hidalgo¨
=545 0#$aAntonio de Jesús Hidalgo Navarro (1873-1953) fue un eminente compositor, pianista, organista y profesor de música, nacido el 2 de enero de 1873 en la ciudad de Loja. Fue hijo del arquitecto lojano Juan Manuel Hidalgo Pineda y de doña Carmen Navarro del Castillo. Desde su infancia, mostró una pasión innata por el arte musical, que cultivó con estudios profundos en Quito y Lima, permitiéndole absorber influencias de maestros como Mozart y Beethoven, y regresar para fundar la Escuela de Música local y dirigir el Conservatorio.$uhttps://www.facebook.com/LojaEsCultura2023/photos/antonio-de-jes%C3%BAs-hidalgo-navarro-1873-1953-fue-un-eminente-compositor-pianista-o/1183421777299877/
=650 04$aMarchas$ySiglo XX$zEcuador, Loja
=787 1#$aHidalgo Navarro, Antonio de Jesús (1873-1953)$tLa Copa de Oro$wM000472